000 00580nam a22001457a 4500
008 110322t xxu||||| |||| 00| 0 eng d
020 _a9781902928319
050 _aZ692
_b.E93 2008
245 _aEvaluating electronic resource programmes and provision:
_bCase studies from Africa and Asia
_cedited by Diana Rosenberg
260 _aOxford
_bINASP
_c2008
300 _axxi,125p.
_c21cm
500 _aIncludes bibliographical references
942 _2lcc
_cBK
999 _c38094
_d38094